[Event "NAYCC U12 w"]
[Site "Toronto CAN"]
[Date "2013.08.17"]
[Round "7"]
[White "Kaneshalingam, Mathanhe"]
[Black "Sengupta, Sikata"]
[Result "1/2-1/2"]
[WhiteElo "1515"]
[BlackElo "1513"]
[PlyCount "90"]
[GameId "2160767909275767"]
[EventDate "2013.08.14"]
[EventType "swiss"]
[EventRounds "9"]
[EventCountry "CAN"]
[SourceTitle "EXT 2022"]
[Source "ChessBase"]
[SourceDate "2021.10.06"]
[SourceVersion "1"]
[SourceVersionDate "2021.10.06"]
[SourceQuality "1"]

1. d4 d5 2. Nf3 e6 3. e3 Nf6 4. Bd3 b6 5. b3 Ba6 6. Bxa6 Nxa6 7. O-O c5 8. Bb2 g6 9. Qe2 Nb8 10. dxc5 bxc5 11. a4 Bg7 12. Qb5+ Nbd7 13. Ne5 O-O 14. Qe2 Qc7 15. Nxd7 Qxd7 16. Nd2 Qc7 17. f4 Rfd8 18. Be5 Qb7 19. Rab1 Rac8 20. g4 d4 21. exd4 cxd4 22. Nc4 Qc6 23. Bxf6 Bxf6 24. Qd3 Bg7 25. Qf3 Qc5 26. Qd3 Rd5 27. Rbe1 Qb4 28. Re2 Qe7 29. Qf3 Qh4 30. g5 Rcd8 31. Rd1 h6 32. gxh6 Bxh6 33. Re4 Qf6 34. Kh1 Kf8 35. Ne5 Rc8 36. Ng4 Qg7 37. Nxh6 Qxh6 38. Qf2 Rcd8 39. Rexd4 Qh3 40. Rxd5 Rxd5 41. Rxd5 exd5 42. Qc5+ Kg8 43. Qf2 d4 44. Qe2 Qf5 45. Qd2 Qh3 1/2-1/2

[Event "NAYCC U12 w"]
[Site "Toronto CAN"]
[Date "2013.08.17"]
[Round "7"]
[White "Li, Catherine"]
[Black "Tan, Kylie"]
[Result "1-0"]
[WhiteElo "1143"]
[BlackElo "1203"]
[PlyCount "115"]
[GameId "2160767909275768"]
[EventDate "2013.08.14"]
[EventType "swiss"]
[EventRounds "9"]
[EventCountry "CAN"]
[SourceTitle "hb 2013"]

1. e4 e5 2. Nf3 Nc6 3. Bc4 Nf6 4. d3 Bc5 5. c3 d6 6. Bb3 h6 7. Nbd2 O-O 8. Nf1 Bb6 9. Ne3 Re8 10. O-O Bd7 11. Nh4 Nxe4 12. Bxf7+ Kxf7 13. Qh5+ Kg8 14. dxe4 Qf6 15. Nhf5 Bxf5 16. Nxf5 Ne7 17. Nxe7+ Rxe7 18. Kh1 Rf7 19. f4 Qe6 20. f5 Qc4 21. Qf3 Raf8 22. Bd2 Kh7 23. b3 Qc6 24. Rae1 a6 25. Qh5 Rf6 26. Rf3 Qd7 27. Bg5 R6f7 28. Rh3 Kh8 29. Qg6 Rc8 30. Rh4 Bf2 31. Rf1 Bxh4 32. Bxh4 Qe8 33. Rf3 Rf8 34. Qg4 Qf7 35. Rh3 Kg8 36. Bf2 Qf6 37. Be3 Kf7 38. Rg3 Rh8 39. Qh5+ Ke7 40. Rg6 Qf7 41. Re6+ Kf8 42. Qg4 Re8 43. Rg6 Rg8 44. Qh4 Rb8 45. Qg4 Rd8 46. h4 c6 47. h5 d5 48. Bc5+ Ke8 49. Re6+ Kd7 50. Re7+ Qxe7 51. Bxe7 Kxe7 52. exd5 cxd5 53. Qb4+ Kf6 54. g4 Kg5 55. Kg2 e4 56. Kg3 Rge8 57. Qb6 e3 58. Qg6# 1-0

[Event "NAYCC U12 w"]
[Site "Toronto CAN"]
[Date "2013.08.17"]
[Round "7"]
[White "Liu, Jiaxin (Dora)"]
[Black "Kao, Camille"]
[Result "0-1"]
[WhiteElo "1693"]
[BlackElo "1747"]
[PlyCount "100"]
[GameId "2160767909275769"]
[EventDate "2013.08.14"]
[EventType "swiss"]
[EventRounds "9"]
[EventCountry "CAN"]
[SourceTitle "hb 2013"]

1. d4 d5 2. c4 c6 3. Nf3 Nf6 4. Nc3 dxc4 5. a4 Bf5 6. Ne5 e6 7. f3 Bb4 8. e4 Bg6 9. Nxg6 hxg6 10. Bxc4 Nbd7 11. Bg5 Qc7 12. e5 Nd5 13. Bxd5 cxd5 14. Rc1 O-O 15. O-O Qb6 16. Kh1 a6 17. Qd3 Rac8 18. Ne2 Rc6 19. f4 Rfc8 20. g4 Qa5 21. Rxc6 Rxc6 22. b3 Bd2 23. Rd1 Bb4 24. f5 Nf8 25. f6 Nh7 26. Qe3 Rc2 27. Qd3 Rxe2 28. Qxe2 Nxg5 29. fxg7 Kxg7 30. Rf1 Ne4 31. Qf3 Qc7 32. Qh3 Be1 33. Qf3 Bh4 34. Qf4 Bg5 35. Rc1 Qxc1+ 36. Qxc1 Bxc1 37. Kg2 Bb2 38. Kf3 Bxd4 39. h4 Bxe5 40. g5 f6 41. gxf6+ Kxf6 42. b4 Kf5 43. b5 axb5 44. axb5 d4 45. Ke2 Nc3+ 46. Kd3 Nxb5 47. Kc4 Ke4 48. Kxb5 d3 49. Kb6 d2 50. Kxb7 d1=Q 0-1

[Event "NAYCC U12 w"]
[Site "Toronto CAN"]
[Date "2013.08.17"]
[Round "7"]
[White "Nguyen, An"]
[Black "Ouellet, Maili-Jade"]
[Result "1-0"]
[WhiteElo "1654"]
[BlackElo "1669"]
[PlyCount "159"]
[GameId "2160767909275772"]
[EventDate "2013.08.14"]
[EventType "swiss"]
[EventRounds "9"]
[EventCountry "CAN"]
[SourceTitle "hb 2013"]

1. e4 c5 2. Nf3 e6 3. d4 cxd4 4. Nxd4 Nf6 5. Nc3 Bb4 6. Bd3 d5 7. exd5 Nxd5 8. Nde2 Qc7 9. Bd2 Nxc3 10. Bxc3 Bxc3+ 11. Nxc3 O-O 12. O-O a6 13. Qf3 Nc6 14. a3 Ne5 15. Qg3 Qc5 16. Ne4 Qd4 17. Nf6+ Kh8 18. Nxh7 Rd8 19. Ng5 Kg8 20. Bh7+ Kf8 21. c3 Qc5 22. Bc2 Nc4 23. Ne4 Qb6 24. b3 Na5 25. b4 Nc4 26. Bb3 Na5 27. Ba2 Nc6 28. Rad1 Bd7 29. Nc5 Be8 30. Qf4 e5 31. Qf3 Kg8 32. Rfe1 Qc7 33. h3 b6 34. Ne4 Rxd1 35. Rxd1 Rd8 36. Rd5 Qe7 37. Qd3 Ra8 38. Nd6 Bd7 39. Qd2 Be6 40. Rd3 e4 41. Rg3 Bxa2 42. Rxg7+ Kxg7 43. Nf5+ Kf6 44. Nxe7 Nxe7 45. Qxa2 Rc8 46. Qd2 Rc6 47. Qf4+ Ke6 48. Qxe4+ Kd6 49. Qd4+ Ke6 50. g4 Ng6 51. f4 Ke7 52. f5 Nf8 53. Qe5+ Kd7 54. Qd5+ Kc7 55. Qxf7+ Nd7 56. Qg7 Rd6 57. Qg5 Rd1+ 58. Kg2 Ra1 59. Qf4+ Kb7 60. Qe4+ Kc7 61. Qc4+ Kb7 62. Qb3 Re1 63. Qd5+ Kc7 64. Qd4 Ra1 65. f6 Rxa3 66. f7 a5 67. Qxd7+ Kxd7 68. f8=Q Ra2+ 69. Kg3 Ra3 70. bxa5 Rxa5 71. Qf7+ Kc6 72. Qf6+ Kb7 73. g5 Ka6 74. g6 Rc5 75. g7 Kb5 76. g8=Q Ka5 77. Qe8 Ka6 78. Qf3 Rg5+ 79. Kh2 b5 80. Qfc6+ 1-0

[Event "NAYCC U12 w"]
[Site "Toronto CAN"]
[Date "2013.08.17"]
[Round "7"]
[White "Paraparan, Varshini"]
[Black "Tao, Ellen"]
[Result "1-0"]
[WhiteElo "1506"]
[BlackElo "1198"]
[PlyCount "129"]
[GameId "2160767909275774"]
[EventDate "2013.08.14"]
[EventType "swiss"]
[EventRounds "9"]
[EventCountry "CAN"]
[SourceTitle "hb 2013"]

1. e4 e5 2. Nf3 Nc6 3. Bb5 a6 4. Ba4 Nf6 5. O-O Be7 6. Re1 O-O 7. Bxc6 bxc6 8. Nxe5 Re8 9. Nc3 Bc5 10. d4 Bb6 11. Bg5 h6 12. Bh4 Bb7 13. Nf3 g5 14. Bg3 Ba5 15. e5 Nd5 16. Nxd5 Bxe1 17. Nf6+ Kf8 18. Nxe8 Bxf2+ 19. Bxf2 Qxe8 20. Qd3 Qe6 21. Qb3 Qxb3 22. axb3 Re8 23. h4 g4 24. Nd2 d5 25. exd6 cxd6 26. Nc4 Re6 27. Na5 Ba8 28. Nc4 Bb7 29. Bg3 d5 30. Nd6 Re7 31. Nxb7 Rxb7 32. Rxa6 Rd7 33. Rxc6 Ra7 34. Rxh6 Ra2 35. Rc6 Rxb2 36. Rc7 Ra2 37. h5 Ra8 38. h6 Kg8 39. Be5 Kh7 40. Bf4 Kg8 41. c4 dxc4 42. bxc4 Re8 43. c5 Re4 44. Be5 Kh7 45. Bg7 g3 46. Kf1 Rf4+ 47. Ke1 Rf2 48. d5 Rxg2 49. Kf1 Rd2 50. d6 Rd5 51. Kg2 Rd3 52. Rxf7 Rd5 53. Kxg3 Kg8 54. Rc7 Kh7 55. d7 Kg8 56. c6 Kh7 57. d8=Q Rxd8 58. Bf6+ Kxh6 59. Bxd8 Kg6 60. Re7 Kf6 61. c7 Kg6 62. c8=Q Kf6 63. Qe6+ Kg5 64. Rg7+ Kh5 65. Qg4+ 1-0

[Event "NAYCC U12 w"]
[Site "Toronto CAN"]
[Date "2013.08.17"]
[Round "7"]
[White "Ravishankar, Ramitha"]
[Black "Yu, Jennifer"]
[Result "1/2-1/2"]
[WhiteElo "1993"]
[BlackElo "1581"]
[PlyCount "101"]
[GameId "2160767909275775"]
[EventDate "2013.08.14"]
[EventType "swiss"]
[EventRounds "9"]
[EventCountry "CAN"]
[SourceTitle "EXT 2022"]
[Source "ChessBase"]
[SourceDate "2021.10.06"]
[SourceVersion "1"]
[SourceVersionDate "2021.10.06"]
[SourceQuality "1"]

1. e4 e5 2. Nf3 d6 3. d4 exd4 4. Nxd4 Nf6 5. Nc3 Nc6 6. Be2 g6 7. O-O Bg7 8. Be3 O-O 9. Qd2 Re8 10. f3 a6 11. Kh1 Nxd4 12. Bxd4 Bd7 13. Rad1 b5 14. a3 Bc6 15. Bf2 Qd7 16. h3 Rad8 17. Bg3 Qc8 18. Nd5 Nxd5 19. exd5 Bxd5 20. Bxb5 axb5 21. Qxd5 c6 22. Qb3 c5 23. c3 Re2 24. Rde1 Rde8 25. Rxe2 Rxe2 26. Re1 Rxe1+ 27. Bxe1 Qe6 28. Qd1 d5 29. Bf2 d4 30. cxd4 Bxd4 31. Bxd4 Qd5 32. Kg1 cxd4 33. Kf2 Kg7 34. Qd3 Kf6 35. f4 Ke6 36. g3 Kd6 37. b3 h5 38. Ke2 f5 39. Kf2 Qc5 40. Ke2 Qd5 41. Kf2 Qc5 42. Ke2 Kd5 43. b4 Qc4 44. Kd2 Qa2+ 45. Kd1 Qc4 46. Kd2 Qa2+ 47. Kd1 Qa1+ 48. Kd2 Qa2+ 49. Kd1 Qc4 50. Ke2 Qa2+ 51. Kd1 1/2-1/2

[Event "NAYCC U12 w"]
[Site "Toronto CAN"]
[Date "2013.08.17"]
[Round "7"]
[White "Roque Sola, Andrea"]
[Black "Davis, Katherine"]
[Result "1-0"]
[WhiteElo "1560"]
[BlackElo "1841"]
[PlyCount "55"]
[GameId "2160767909275776"]
[EventDate "2013.08.14"]
[EventType "swiss"]
[EventRounds "9"]
[EventCountry "CAN"]
[SourceTitle "EXT 2022"]
[Source "ChessBase"]
[SourceDate "2021.10.06"]
[SourceVersion "1"]
[SourceVersionDate "2021.10.06"]
[SourceQuality "1"]

1. c4 e5 2. g3 c6 3. e4 Nf6 4. Bg2 Bc5 5. h3 d6 6. Nc3 a5 7. Nge2 Be6 8. d3 Na6 9. O-O O-O 10. Kh2 d5 11. b3 dxe4 12. Nxe4 Nxe4 13. Bxe4 Qd7 14. Bg2 Nb4 15. d4 Bxd4 16. Nxd4 exd4 17. a3 Na6 18. Bb2 c5 19. f4 Rab8 20. g4 f5 21. g5 g6 22. Re1 Nc7 23. Qd2 b6 24. Re5 Rfe8 25. Rae1 Bf7 26. Bf1 Na6 27. Bg2 Nc7 28. Bf1 1-0

[Event "NAYCC U12 w"]
[Site "Toronto CAN"]
[Date "2013.08.17"]
[Round "7"]
[White "Tam, Rachel"]
[Black "Robles Ortiz, Christina"]
[Result "1-0"]
[WhiteElo "1005"]
[BlackElo "1526"]
[PlyCount "125"]
[GameId "2160767909275777"]
[EventDate "2013.08.14"]
[EventType "swiss"]
[EventRounds "9"]
[EventCountry "CAN"]
[SourceTitle "EXT 2022"]
[Source "ChessBase"]
[SourceDate "2021.10.06"]
[SourceVersion "1"]
[SourceVersionDate "2021.10.06"]
[SourceQuality "1"]

1. e4 e5 2. Nf3 Nc6 3. Nc3 Nf6 4. Bb5 a6 5. Bxc6 dxc6 6. Nxe5 Qd4 7. Nf3 Qd8 8. d3 Bd6 9. O-O h6 10. e5 O-O 11. exd6 cxd6 12. Bf4 Nh5 13. Bd2 Qf6 14. h3 Qg6 15. Kh2 d5 16. Nh4 Qd6+ 17. g3 Qe6 18. g4 d4 19. Ne2 Qd6+ 20. Ng3 Nf6 21. Re1 Nh7 22. Nhf5 Qf6 23. Nh5 Qd8 24. Nhxg7 Qf6 25. Bxh6 Qd8 26. Re4 c5 27. Re5 Qc7 28. f4 Nf6 29. g5 Nd7 30. Ne8 Qd8 31. Nf6+ Nxf6 32. gxf6 Qxf6 33. Qg4+ Kh7 34. Bxf8 Qg6 35. Qxg6+ fxg6 36. Ng3 Bf5 37. Nxf5 Rxf8 38. Re7+ Kh8 39. Nd6 Rg8 40. f5 gxf5 41. Nxf5 b5 42. Rg1 Rxg1 43. Kxg1 Kg8 44. Ra7 c4 45. Nxd4 cxd3 46. cxd3 b4 47. Rxa6 Kf7 48. a3 bxa3 49. bxa3 Ke7 50. a4 Kf7 51. Nf5 Kg8 52. d4 Kf7 53. d5 Ke8 54. h4 Kd7 55. d6 Kd8 56. d7 Kxd7 57. Nd4 Ke7 58. Rb6 Kd7 59. h5 Kc7 60. Rg6 Kd7 61. h6 Ke7 62. h7 Kf7 63. Ra6 1-0

[Event "NAYCC U12 w"]
[Site "Toronto CAN"]
[Date "2013.08.17"]
[Round "7"]
[White "Tang, Terra"]
[Black "Edouard, Marie-Erline"]
[Result "1-0"]
[WhiteElo "1036"]
[BlackElo "988"]
[PlyCount "53"]
[GameId "2160767909275778"]
[EventDate "2013.08.14"]
[EventType "swiss"]
[EventRounds "9"]
[EventCountry "CAN"]
[SourceTitle "hb 2013"]

1. e4 e5 2. Nf3 Nc6 3. Bc4 Nf6 4. d3 h6 5. Be3 d5 6. exd5 Nxd5 7. Bxd5 Qxd5 8. Nc3 Bb4 9. O-O Bxc3 10. bxc3 Bg4 11. c4 Qe6 12. c3 e4 13. dxe4 Ne5 14. Qa4+ c6 15. Nxe5 Qxe5 16. Rfe1 O-O 17. Bd4 Qg5 18. Kf1 Bf3 19. gxf3 Rad8 20. Qxa7 Ra8 21. Qxb7 Rfc8 22. Rab1 Qh5 23. Ke2 Qxh2 24. Rg1 Rxa2+ 25. Ke3 Rb8 26. Rxg7+ Kf8 27. Qxf7# 1-0

[Event "NAYCC U12 w"]
[Site "Toronto CAN"]
[Date "2013.08.17"]
[Round "7"]
[White "Wang, Constance"]
[Black "Trakru, Priya"]
[Result "0-1"]
[WhiteElo "1651"]
[BlackElo "1911"]
[PlyCount "50"]
[GameId "2160767909275779"]
[EventDate "2013.08.14"]
[EventType "swiss"]
[EventRounds "9"]
[EventCountry "CAN"]
[SourceTitle "hb 2013"]

1. e4 c5 2. Nf3 e6 3. d4 cxd4 4. Nxd4 a6 5. Bd3 g6 6. O-O Bg7 7. c3 Ne7 8. f4 d6 9. Be3 Nbc6 10. Nd2 O-O 11. Qf3 Bd7 12. Kh1 Rc8 13. Nc4 Be8 14. f5 exf5 15. exf5 Nxd4 16. cxd4 Nxf5 17. Bxf5 Rxc4 18. Bd3 Rc7 19. Qg3 Rd7 20. h4 Qb6 21. h5 Qxb2 22. Rae1 Bxd4 23. Bh6 Bg7 24. Bxg7 Qxg7 25. Re3 f5 0-1

[Event "NAYCC U12 w"]
[Site "Toronto CAN"]
[Date "2013.08.17"]
[Round "7"]
[White "Xu, Allyson"]
[Black "Saremi, Yekta"]
[Result "1-0"]
[WhiteElo "967"]
[BlackElo "1415"]
[PlyCount "79"]
[GameId "2160767909275780"]
[EventDate "2013.08.14"]
[EventType "swiss"]
[EventRounds "9"]
[EventCountry "CAN"]
[SourceTitle "hb 2013"]

1. e4 c6 2. d4 d5 3. Nc3 dxe4 4. Nxe4 Bf5 5. Bd3 Qxd4 6. Nf3 Qd8 7. O-O e6 8. Bg5 Be7 9. Bd2 Nf6 10. Nxf6+ Bxf6 11. Bxf5 exf5 12. Re1+ Be7 13. Bb4 Qxd1 14. Raxd1 O-O 15. Rxe7 b6 16. h3 c5 17. Bc3 Nc6 18. Re3 Rad8 19. Rxd8 Rxd8 20. Kh2 f6 21. Nh4 g6 22. Bxf6 Rd2 23. Rc3 h6 24. Nxg6 Kf7 25. Ne5+ Nxe5 26. Bxe5 Rd5 27. Bf4 Kg6 28. Ra3 Rd7 29. Kg3 a5 30. Rd3 Rxd3+ 31. cxd3 b5 32. Kf3 h5 33. Bd6 c4 34. dxc4 bxc4 35. Ke3 Kf6 36. Kd4 Ke6 37. Bc7 c3 38. bxc3 a4 39. c4 Kd7 40. Bg3 1-0

[Event "NAYCC U12 w"]
[Site "Toronto CAN"]
[Date "2013.08.17"]
[Round "7"]
[White "Zhou, Lily"]
[Black "Palakollu, Samritha"]
[Result "0-1"]
[WhiteElo "1643"]
[BlackElo "1761"]
[PlyCount "206"]
[GameId "2160767909275781"]
[EventDate "2013.08.14"]
[EventType "swiss"]
[EventRounds "9"]
[EventCountry "CAN"]
[SourceTitle "hb 2013"]

1. d4 Nf6 2. Bg5 d5 3. Bxf6 exf6 4. e3 Bf5 5. c4 Bxb1 6. Qa4+ Qd7 7. Qxd7+ Nxd7 8. Rxb1 Bb4+ 9. Kd1 dxc4 10. Bxc4 O-O 11. Ne2 Rad8 12. a3 Ba5 13. b4 Bb6 14. Kc2 c6 15. Nc3 Bc7 16. Rb2 b6 17. Kb1 c5 18. Nb5 Bb8 19. h3 cxd4 20. Nxd4 Be5 21. Rd2 Bxd4 22. Rxd4 Ne5 23. Rhd1 Rxd4 24. Rxd4 g5 25. Bb3 Re8 26. h4 h5 27. Bd1 g4 28. Rf4 Kg7 29. Rf5 Rc8 30. Be2 Kg6 31. Rf4 Kg7 32. Rf5 Rd8 33. Kc2 Rc8+ 34. Kb1 g3 35. fxg3 Rc3 36. Bxh5 Rxe3 37. Bf3 Rxa3 38. Rf4 Nd3 39. Rd4 Ne1 40. Rg4+ Kh6 41. Bd5 Rd3 42. Bxf7 Nxg2 43. Rg6+ Kh7 44. Rg4 Rd1+ 45. Kb2 Ne3 46. Rf4 Kg7 47. Bh5 Rg1 48. g4 Rg2+ 49. Kb3 Rg3 50. Kb2 Rg2+ 51. Kc1 Rc2+ 52. Kb1 Rc4 53. Rxc4 Nxc4 54. g5 fxg5 55. hxg5 Nd6 56. Kc2 Nf7 57. g6 Ne5 58. Kb3 Nxg6 59. Ka4 Nf4 60. Bf3 Ne6 61. Bd5 Nc7 62. Bc6 Kf6 63. b5 Ke6 64. Kb4 Kd6 65. Bb7 Ne6 66. Bg2 Ke5 67. Kc4 Nc5 68. Bf1 Ne4 69. Kb4 Kd4 70. Bg2 Nc5 71. Bf1 Nd3+ 72. Ka4 Kc3 73. Ka3 Nb2 74. Be2 Nc4+ 75. Ka4 Nd6 76. Bf1 Ne4 77. Be2 Kd4 78. Kb4 Nc3 79. Bf1 Nd5+ 80. Ka4 Kc5 81. Bd3 Nc3+ 82. Kb3 Nxb5 83. Bf1 Nd4+ 84. Ka3 b5 85. Bd3 a5 86. Bh7 Kc4 87. Bg8+ Kc3 88. Ka2 b4 89. Kb1 a4 90. Bh7 a3 91. Ka1 Nc2+ 92. Kb1 b3 93. Kc1 b2+ 94. Kb1 Nb4 95. Bg8 a2+ 96. Bxa2 Nxa2 97. Kxa2 Kc2 98. Ka3 b1=Q 99. Ka4 Kc3 100. Ka5 Kc4 101. Ka6 Kc5 102. Ka7 Kc6 103. Ka8 Qb7# 0-1

[Event "NAYCC U12 w"]
[Site "Toronto CAN"]
[Date "2013.08.17"]
[Round "7"]
[White "Zhu, Jiarong"]
[Black "Dommalapati, Aasa"]
[Result "1-0"]
[WhiteElo "1224"]
[BlackElo "1590"]
[PlyCount "95"]
[GameId "2160767909275782"]
[EventDate "2013.08.14"]
[EventType "swiss"]
[EventRounds "9"]
[EventCountry "CAN"]
[SourceTitle "hb 2013"]

1. e4 e5 2. Nf3 Nc6 3. Bb5 a6 4. Bxc6 dxc6 5. O-O Bd6 6. h3 f6 7. c3 Ne7 8. d4 exd4 9. cxd4 O-O 10. Qb3+ Kh8 11. Nc3 b5 12. e5 fxe5 13. dxe5 Bc5 14. Ng5 Nd5 15. Nxd5 Qxd5 16. Qxd5 cxd5 17. Be3 Bxe3 18. fxe3 Bf5 19. Rac1 Rac8 20. g4 Bg6 21. Rxf8+ Rxf8 22. Rxc7 h6 23. Ne6 Rf7 24. Rc8+ Kh7 25. Nf8+ Rxf8 26. Rxf8 h5 27. gxh5 Bxh5 28. e6 g5 29. e7 Kg7 30. Ra8 a5 31. e8=Q Bxe8 32. Rxe8 Kf7 33. Re5 d4 34. exd4 g4 35. hxg4 Kf6 36. Rxb5 Ke6 37. g5 a4 38. b3 axb3 39. axb3 Ke7 40. Rf5 Ke6 41. Rf2 Kd5 42. g6 Kxd4 43. g7 Ke5 44. g8=Q Kd6 45. Rf5 Ke7 46. Qg6 Kd8 47. Qg7 Ke8 48. Rf8# 1-0

[Event "NAYCC U12 w"]
[Site "Toronto CAN"]
[Date "2013.08.18"]
[Round "8"]
[White "Davis, Katherine"]
[Black "Paraparan, Varshini"]
[Result "1/2-1/2"]
[WhiteElo "1841"]
[BlackElo "1506"]
[PlyCount "83"]
[GameId "2160767909275783"]
[EventDate "2013.08.14"]
[EventType "swiss"]
[EventRounds "9"]
[EventCountry "CAN"]
[SourceTitle "EXT 2022"]
[Source "ChessBase"]
[SourceDate "2021.10.06"]
[SourceVersion "1"]
[SourceVersionDate "2021.10.06"]
[SourceQuality "1"]

1. e4 d6 2. d4 Nf6 3. Nc3 g6 4. Bg5 Bg7 5. f4 h6 6. Bh4 O-O 7. Be2 a5 8. Nf3 Nbd7 9. O-O c5 10. d5 Qc7 11. Qd2 Kh7 12. Kh1 Nb6 13. Rad1 Ne8 14. Nb5 Qd8 15. c4 f5 16. exf5 Bxf5 17. Rfe1 Nf6 18. Bd3 Bxd3 19. Qxd3 Rf7 20. b3 a4 21. Rd2 axb3 22. axb3 Qd7 23. Rde2 Ng8 24. Re6 Bf6 25. g3 Raf8 26. Qe4 Rg7 27. Bxf6 Rxf6 28. Nh4 Rxe6 29. Qxe6 Qxe6 30. Rxe6 Nd7 31. f5 g5 32. Ng6 Rf7 33. g4 Nf8 34. Nxf8+ Rxf8 35. h3 Ra8 36. Kg2 Ra2+ 37. Kg3 Rb2 38. Re3 Kg7 39. Na7 Kf7 40. Nc8 Ra2 41. Kf3 Ra6 42. Re6 1/2-1/2

[Event "NAYCC U12 w"]
[Site "Toronto CAN"]
[Date "2013.08.18"]
[Round "8"]
[White "Dommalapati, Aasa"]
[Black "Xu, Allyson"]
[Result "1/2-1/2"]
[WhiteElo "1590"]
[BlackElo "967"]
[PlyCount "89"]
[GameId "2160767909275784"]
[EventDate "2013.08.14"]
[EventType "swiss"]
[EventRounds "9"]
[EventCountry "CAN"]
[SourceTitle "EXT 2022"]
[Source "ChessBase"]
[SourceDate "2021.10.06"]
[SourceVersion "1"]
[SourceVersionDate "2021.10.06"]
[SourceQuality "1"]

1. e4 e5 2. Nf3 Nc6 3. d4 exd4 4. Bc4 Bc5 5. c3 dxc3 6. Bxf7+ Kxf7 7. Qd5+ Ke8 8. Qxc5 Qe7 9. Qxe7+ Ngxe7 10. Nxc3 d6 11. O-O Bg4 12. Nd2 Kd7 13. b3 Rae8 14. Bb2 Rhg8 15. f3 Be6 16. f4 Kc8 17. f5 Bd7 18. g4 Kb8 19. g5 a6 20. Kh1 Rc8 21. h4 Ne5 22. Nf3 Nxf3 23. Rxf3 Bc6 24. h5 b5 25. b4 d5 26. Re1 dxe4 27. Nxe4 Nd5 28. a3 Nb6 29. Kh2 Nc4 30. Bc1 Ne5 31. Rc3 Bd5 32. Rg3 Rce8 33. Re2 Bxe4 34. Rxe4 Nf3+ 35. Rxf3 Rxe4 36. Kh3 Re1 37. Bf4 Rf8 38. f6 gxf6 39. gxf6 Kc8 40. Bg5 Rh1+ 41. Kg4 Rg1+ 42. Kf5 Kd7 43. Re3 Rf1+ 44. Kg4 Rg1+ 45. Kh4 1/2-1/2

[Event "NAYCC U12 w"]
[Site "Toronto CAN"]
[Date "2013.08.18"]
[Round "8"]
[White "Escamilla Romero, Quetzija"]
[Black "Edouard, Marie-Erline"]
[Result "1-0"]
[WhiteElo "1151"]
[BlackElo "988"]
[PlyCount "73"]
[GameId "2160767909275785"]
[EventDate "2013.08.14"]
[EventType "swiss"]
[EventRounds "9"]
[EventCountry "CAN"]
[SourceTitle "EXT 2022"]
[Source "ChessBase"]
[SourceDate "2021.10.06"]
[SourceVersion "1"]
[SourceVersionDate "2021.10.06"]
[SourceQuality "1"]

1. e4 e5 2. Nf3 Nc6 3. d4 Bb4+ 4. c3 Bd6 5. d5 Na5 6. b4 c6 7. bxa5 Qxa5 8. dxc6 bxc6 9. Qxd6 f6 10. Qb4 Qc7 11. Ba3 d6 12. Qxd6 Qxd6 13. Bxd6 Bg4 14. Nbd2 Rd8 15. Bb4 Bxf3 16. Nxf3 Rd7 17. Rd1 Rxd1+ 18. Kxd1 Nh6 19. h3 f5 20. exf5 Nxf5 21. Nxe5 Rf8 22. Bxf8 Kxf8 23. Nxc6 Ne7 24. Nxe7 Kxe7 25. Bc4 g6 26. Re1+ Kf6 27. Bb3 Kg5 28. c4 Kf4 29. c5 Kf5 30. c6 Kf6 31. c7 Kg5 32. c8=Q Kh6 33. Qf8+ Kh5 34. Re5+ g5 35. Qf5 h6 36. Qf7+ Kh4 37. g3+ 1-0

[Event "NAYCC U12 w"]
[Site "Toronto CAN"]
[Date "2013.08.18"]
[Round "8"]
[White "Kaneshalingam, Mathanhe"]
[Black "Tam, Rachel"]
[Result "1-0"]
[WhiteElo "1515"]
[BlackElo "1005"]
[PlyCount "91"]
[GameId "2160767909275786"]
[EventDate "2013.08.14"]
[EventType "swiss"]
[EventRounds "9"]
[EventCountry "CAN"]
[SourceTitle "EXT 2022"]
[Source "ChessBase"]
[SourceDate "2021.10.06"]
[SourceVersion "1"]
[SourceVersionDate "2021.10.06"]
[SourceQuality "1"]

1. d4 d5 2. Nf3 Nc6 3. e3 Nf6 4. Bd3 Bg4 5. h3 Bxf3 6. Qxf3 e5 7. dxe5 Nxe5 8. Qd1 Nxd3+ 9. cxd3 Bb4+ 10. Nd2 O-O 11. O-O Bd6 12. Nf3 c5 13. b3 Qc7 14. Bb2 Qe7 15. Rc1 b5 16. d4 c4 17. bxc4 bxc4 18. Qa4 Qe8 19. Qa6 Rb8 20. Rb1 Qd7 21. Ba3 Bxa3 22. Qxa3 Rxb1 23. Rxb1 Ne4 24. Ne5 Qc7 25. f3 Nd2 26. Rd1 c3 27. Rc1 c2 28. Qd3 f6 29. Qxd2 Rb8 30. Rxc2 Rb1+ 31. Kf2 Qe7 32. Rc8+ Qf8 33. Rxf8+ Kxf8 34. Nd3 Rb8 35. Nc5 Ra8 36. Qa5 Kf7 37. Qc7+ Kg6 38. h4 h5 39. Ne6 Rg8 40. Nf4+ Kh6 41. Nxh5 Kxh5 42. Qf7+ Kh6 43. Qxg8 a5 44. g4 a4 45. Qh8+ Kg6 46. Qh5# 1-0

[Event "NAYCC U12 w"]
[Site "Toronto CAN"]
[Date "2013.08.18"]
[Round "8"]
[White "Kao, Camille"]
[Black "Yu, Jennifer"]
[Result "0-1"]
[WhiteElo "1747"]
[BlackElo "1993"]
[PlyCount "108"]
[GameId "2160767909275787"]
[EventDate "2013.08.14"]
[EventType "swiss"]
[EventRounds "9"]
[EventCountry "CAN"]
[SourceTitle "EXT 2022"]
[Source "ChessBase"]
[SourceDate "2021.10.06"]
[SourceVersion "1"]
[SourceVersionDate "2021.10.06"]
[SourceQuality "1"]

1. e4 e5 2. Nf3 d6 3. Nc3 Be7 4. Bc4 Nf6 5. d3 O-O 6. h3 c6 7. a4 d5 8. exd5 cxd5 9. Bb3 Nc6 10. O-O d4 11. Ne4 Nd5 12. Bd2 f5 13. Ng3 g6 14. Re1 Bf6 15. c3 dxc3 16. bxc3 Kh8 17. Qc2 Be6 18. Rab1 Rc8 19. Bxd5 Bxd5 20. Rxb7 Nd4 21. Nxd4 Bxb7 22. Nb3 Qd5 23. f3 Bh4 24. c4 Bxg3 25. Rb1 Qd7 26. Na5 Ba8 27. Be3 f4 28. Bf2 Bxf2+ 29. Kxf2 Qd4+ 30. Kf1 Rb8 31. Rxb8 Rxb8 32. Nb3 Qd6 33. c5 Qd5 34. Nd2 Rd8 35. Ke2 Qd4 36. Nf1 Bc6 37. a5 Bb5 38. Ke1 Bxd3 39. Qc1 Bxf1 40. Kxf1 Qd1+ 41. Qxd1 Rxd1+ 42. Ke2 Rc1 43. a6 Rxc5 44. Kd3 Ra5 45. Ke4 Rxa6 46. Kxe5 Rb6 47. Kxf4 a5 48. Kg4 a4 49. g3 a3 50. f4 a2 51. Kh4 a1=Q 52. Kg5 Rb5+ 53. Kg4 Qd1+ 54. Kh4 Rh5# 0-1

[Event "NAYCC U12 w"]
[Site "Toronto CAN"]
[Date "2013.08.18"]
[Round "8"]
[White "Li, Catherine"]
[Black "Wang, Constance"]
[Result "0-1"]
[WhiteElo "1143"]
[BlackElo "1651"]
[PlyCount "64"]
[GameId "2160767909275788"]
[EventDate "2013.08.14"]
[EventType "swiss"]
[EventRounds "9"]
[EventCountry "CAN"]
[SourceTitle "EXT 2022"]
[Source "ChessBase"]
[SourceDate "2021.10.06"]
[SourceVersion "1"]
[SourceVersionDate "2021.10.06"]
[SourceQuality "1"]

1. e4 c5 2. Nf3 d6 3. d4 cxd4 4. Nxd4 Nf6 5. Nc3 a6 6. Be3 e5 7. Nb3 Be7 8. f3 Be6 9. Qd2 O-O 10. g4 b5 11. O-O-O Nbd7 12. h4 Nb6 13. h5 Nc4 14. Bxc4 bxc4 15. Na1 h6 16. g5 hxg5 17. Bxg5 Ne8 18. Bxe7 Qxe7 19. Rdg1 Rb8 20. h6 g6 21. h7+ Kh8 22. Qh6 Ng7 23. Ne2 Qb7 24. b3 Rfc8 25. Kb2 a5 26. Qe3 a4 27. Rd1 Qa6 28. Rh2 axb3 29. cxb3 Ra8 30. Nc3 Qa3+ 31. Kc2 cxb3+ 32. Kb1 bxa2+ 0-1